COMPLETE FATHER BROWN (Record no. 3973)

MARC details
000 -LEADER
fixed length control field 00310nam a2200133Ia 4500
008 - FIXED-LENGTH DATA ELEMENTS--GENERAL INFORMATION
fixed length control field 240624s9999 xx 000 0 und d
041 ## - LANGUAGE CODE
Language code of text/sound track or separate title eng
082 ## - DEWEY DECIMAL CLASSIFICATION NUMBER
Classification number 823 CHE
100 ## - MAIN ENTRY--PERSONAL NAME
Personal name CHESTERTON G K
245 ## - TITLE STATEMENT
Title COMPLETE FATHER BROWN
260 ## - PUBLICATION, DISTRIBUTION, ETC.
Date of publication, distribution, etc. 1999
Place of publication, distribution, etc. Calcutta
Name of publisher, distributor, etc. Projapoti
300 ## - PHYSICAL DESCRIPTION
Extent 718p. ; 22cm.
365 ## - TRADE PRICE
Currency code RS
Holdings
Withdrawn status Lost status Damaged status Not for loan Home library Current library Shelving location Date acquired Source of acquisition Cost, normal purchase price Total Holds Full call number Barcode Date last seen Copy number Price effective from Koha item type
        IMTN IMTN Rack 40-A 10/10/2006 ISPCKB 195.00 693 823 CHE 3973 06/24/2024 1 06/24/2024 Books
Designed & Maintained by: LRC IMT Nagpur Contact: lrc@imtnag.ac.in© 2024. All Rights Reserved.